Southville International School and Colleges
Your cart is empty.
  • Cart
  • Lists
    Public lists Eva Luna New books Lux_list list_1
    Your lists Log in to create your own lists
  • Log in to your account
  • Your cookies
  • Search history
Southville International School and Colleges
  • Advanced search
  • Recent comments
  • Most popular
  • Libraries

Log in to your account

Log in with GOOGLE


If you do not have an external account, but do have a local account, you can still log in:

  1. Home
  2. MARC view: The Direct selling entrepreneurial mindset /
Normal view MARC view ISBD view

The Direct selling entrepreneurial mindset / (Record no. 293331)

[ view plain ]
MARC details
000 -LEADER
fixed length control field 00580nam a2200217Ia 4500
008 - FIXED-LENGTH DATA ELEMENTS--GENERAL INFORMATION
fixed length control field 160404s9999 xx 000 0 und d
020 ## - INTERNATIONAL STANDARD BOOK NUMBER
International Standard Book Number 971-91860-7-0
050 ## - LIBRARY OF CONGRESS CALL NUMBER
Classification number FIL HF 5415.126
050 ## - LIBRARY OF CONGRESS CALL NUMBER
Item number .G65 2002
100 ## - MAIN ENTRY--PERSONAL NAME
Personal name Go, Josiah.
245 #4 - TITLE STATEMENT
Title The Direct selling entrepreneurial mindset /
245 ## - TITLE STATEMENT
Statement of responsibility, etc Josiah Go.
260 ## - PUBLICATION, DISTRIBUTION, ETC. (IMPRINT)
Place of publication, distribution, etc Manila :
260 ## - PUBLICATION, DISTRIBUTION, ETC. (IMPRINT)
Name of publisher, distributor, etc The DirectSales Div. of Mansmitth and Fielder's Inc.,
260 ## - PUBLICATION, DISTRIBUTION, ETC. (IMPRINT)
Date of publication, distribution, etc 2002
300 ## - PHYSICAL DESCRIPTION
Extent 66 pages :
300 ## - PHYSICAL DESCRIPTION
Other physical details illustrations ;
300 ## - PHYSICAL DESCRIPTION
Dimensions 22 cm.
650 ## - SUBJECT ADDED ENTRY--TOPICAL TERM
Topical term or geographic name as entry element Direct marketing.
650 ## - SUBJECT ADDED ENTRY--TOPICAL TERM
General subdivision Entrepreneurship.
Holdings
Withdrawn status Lost status Damaged status Home library Current library Shelving location Date acquired Cost, normal purchase price Total Checkouts Full call number Barcode Date last seen Price effective from Koha item type
      South Mansfield College South Mansfield College Filipiniana Section 03/07/2005 90.00   FIL HF 5415.126 .G65 2002 SMC00595 04/04/2016 04/04/2016  

The Direct selling entrepreneurial mindset /

APA

Go J., .The Direct selling entrepreneurial mindset. Manila: .

Chicago

Go Josiah, .The Direct selling entrepreneurial mindset. Manila: .

Harvard

Go J., .The Direct selling entrepreneurial mindset. Manila: .

MLA

Go Josiah, .Manila: . .

  • Place hold
  • Print
  • Cite
  • Add to your cart (remove)
  • Save record
    BIBTEX Dublin Core MARCXML MARC (non-Unicode/MARC-8) MARC (Unicode/UTF-8) MARC (Unicode/UTF-8, Standard) MODS (XML) RIS
  • More searches
    Search for this title in:
    Other Libraries (WorldCat) Other Databases (Google Scholar) Online Stores (Bookfinder.com) Open Library (openlibrary.org)

Exporting to Dublin Core...

SOUTHVILLE LIBRARY

Southville International School and Colleges Library

1281 Tropical Ave. Cor. Luxembourg St., BF Homes International, Las Pinas City

Tel. No. 8256374 / 252358 Loc. 117/146

Powered by Koha